Signos, lenguaje y conducta

-д хадгалсан:
Номзүйн дэлгэрэнгүй
Үндсэн зохиолч: Morris, Charles William (autor)
Формат: Ном
Хэл сонгох:испани
Хэвлэсэн: Buenos Aires Losada 1962
Цуврал:Biblioteca Filosófica
Нөхцлүүд:
Шошгууд: Шошго нэмэх
Шошго байхгүй, Энэхүү баримтыг шошголох эхний хүн болох!

MARC

LEADER 00000nam a2200000 a 4500
001 UCZ6309
003 CL-VaPUC
008 951211e19620000AG |||||||||||||||||spa|d
082 0 4 |a 401.4  |b MOR  |2 21 
100 |a Morris, Charles William  |e autor  |9 350561 
245 1 0 |a Signos, lenguaje y conducta 
300 |a 341 p 
942 |c BK 
945 |d 19951211 00:00:00  |a rleighto 
260 |a Buenos Aires  |b Losada  |c 1962 
500 |a Donación del Dr. Luis Gómez Macker 
650 0 |a Lenguaje   |9 265069 
650 0 |a Signos  |9 337575 
650 0 |a Semiótica  |9 265317 
650 0 |a Comportamiento   |9 308406 
650 0 |a Comportamiento social  |9 334200 
583 |a last modification  |c 19951211 00:00:00  |k Rodrigo Vera 
490 0 |a Biblioteca Filosófica 
999 |c 242524  |d 242522 
952 |0 0  |1 0  |4 0  |6 401_400000000000000_MOR_1962  |7 0  |8 P  |9 255546  |a BIBEDU  |b BIBEDU  |c BIBEDU_PB  |d 2019-11-19  |i 3147142  |o 401.4 MOR 1962  |p 3147142  |r 2024-01-25  |w 2019-11-19  |y BK  |k EDU 
952 |0 0  |1 0  |4 0  |6 401_400000000000000_MOR_1962  |7 0  |8 A  |9 255547  |a FDOPOS  |b FDOPOS  |d 2019-11-19  |i 4275306  |o 401.4 MOR 1962  |p 4275306  |r 2025-01-22  |w 2019-11-19  |y BK  |k MLA